000 00565nam a2200229Ia 4500
003 OSt
005 20220918194619.0
006 a|||||r|||| 00| 0
007 ta
008 220917b |||||||| |||| 00| 0 eng d
024 _a80,508
037 _cTextual
040 _aARTS
_cARTS
_beng
041 _2eng
_aeng
082 _aS:255, H4
100 _aDubash Peshoton Sorabji
_985953
245 0 _aCoulour psychology
260 _c1944
650 _aPSYCHOLOGY
942 _hS:255, H4
_cTEXL
_2CC
999 _c204231
_d204231